000 00313nam a22001337a 4500
008 170922b xxu||||| |||| 00| 0 eng d
020 _a9780024035455
041 _aeng
080 _a37
100 _a46
101 _aEDU
245 _aAPPROACHES TO EARLY CHILHOOD EDUCATION
_cJOHNSON,J,E
942 _2udc
_cBK
999 _c29259
_d29259